[Event "Chip 2004 Open Fide"]
[Site "?"]
[Date "????.??.??"]
[Round "6"]
[White "Abergel, T."]
[Black "Vuckovic, B."]
[Result "0-1"]
[WhiteElo "2442"]
[BlackElo "2533"]
[PlyCount "56"]
[SourceDate "2004.07.04"]

1. d4 Nf6 2. Nf3 c5 3. d5 g6 4. Nc3 Bg7 5. e4 d6 6. Bb5+ Nbd7 7. a4 O-O 8. O-O
a6 9. Be2 Rb8 10. h3 b5 11. axb5 axb5 12. Qd3 b4 13. Nd1 Nb6 14. Ne3 Bd7 15.
Nd2 Re8 16. Nec4 Bb5 17. Qf3 e6 18. dxe6 Rxe6 19. Nxb6 Qxb6 20. Bxb5 Qxb5 21.
Qd3 Qb7 22. f3 Rd8 23. Nc4 d5 24. Be3 Rde8 25. exd5 Nxd5 26. Bf2 Nf4 27. Qb3
Qe7 28. Kh2 Re2 0-1

[Event "Chip 2004 Open Fide"]
[Site "?"]
[Date "????.??.??"]
[Round "6"]
[White "Ferry, R."]
[Black "Martsynovskaya, M."]
[Result "1-0"]
[WhiteElo "2185"]
[BlackElo "2235"]
[PlyCount "49"]
[SourceDate "2004.07.04"]

1. d4 d5 2. Nf3 Nf6 3. Bf4 e6 4. e3 Bd6 5. Bg5 Nbd7 6. Nbd2 Be7 7. Bd3 O-O 8.
O-O Ne8 9. Bxe7 Qxe7 10. e4 dxe4 11. Nxe4 c5 12. Re1 Nef6 13. Nxc5 Nxc5 14.
dxc5 Qxc5 15. Re5 Qc7 16. Qe2 b6 17. Rg5 Bb7 18. Ne5 g6 19. h4 Kg7 20. h5 Rad8
21. hxg6 hxg6 22. Re1 Rd6 23. Qe3 Qd8 24. Bxg6 Nd5 25. Bxf7+ 1-0

[Event "Chip 2004 Open Fide"]
[Site "?"]
[Date "????.??.??"]
[Round "6"]
[White "Mahesh Chandran, P."]
[Black "Hajek, J."]
[Result "1-0"]
[WhiteElo "2441"]
[BlackElo "2205"]
[PlyCount "45"]
[SourceDate "2004.07.04"]

1. e4 e6 2. d4 d5 3. Nd2 Nf6 4. e5 Nfd7 5. f4 c5 6. c3 Nc6 7. Ndf3 Qb6 8. g3
cxd4 9. cxd4 Be7 10. Kf2 g5 11. fxg5 Ndxe5 12. Nxe5 Nxe5 13. Kg2 Nc4 14. b3 Nd6
15. Nf3 Ne4 16. Bf4 O-O 17. Bd3 f6 18. Rf1 {# #} 18... f5 19. Bxe4 dxe4 20. Ne5
Qd8 21. Qh5 Bd6 22. g6 Qe7 23. Nf7 1-0

[Event "Chip 2004 Open Fide"]
[Site "?"]
[Date "????.??.??"]
[Round "6"]
[White "Kazhgaleyev, M."]
[Black "Mendeiros, J."]
[Result "1-0"]
[WhiteElo "2598"]
[BlackElo "2227"]
[PlyCount "27"]
[SourceDate "2004.07.04"]

1. d4 Nf6 2. c4 g6 3. Nc3 d5 4. Nf3 Bg7 5. Qb3 dxc4 6. Qxc4 O-O 7. e4 a6 8. e5
b5 9. Qb3 Nfd7 10. Be3 c5 11. dxc5 Nxe5 12. Nxe5 Bxe5 13. Rd1 Be6 14. Rxd8 1-0

[Event "Chip 2004 Open Fide"]
[Site "?"]
[Date "????.??.??"]
[Round "6"]
[White "Pile, R."]
[Black "Goldsztejn, G."]
[Result "1/2-1/2"]
[WhiteElo "2268"]
[BlackElo "2303"]
[PlyCount "130"]
[SourceDate "2004.07.04"]

1. c4 c6 2. Nc3 d5 3. d4 e6 4. Nf3 dxc4 5. g3 Nf6 6. Bg2 Be7 7. O-O O-O 8. Ne5
Nbd7 9. Nxc4 Nd5 10. Ne4 b5 11. Ne5 Nxe5 12. dxe5 Bb7 13. b3 Qc7 14. Bb2 Rfd8
15. Qc1 c5 16. Rd1 c4 17. Nd6 Bxd6 18. exd6 Qc5 19. bxc4 bxc4 20. Ba3 Qa5 21.
Bxd5 Bxd5 22. Rb1 c3 23. Bb4 Qxa2 24. Qxc3 Qxe2 25. Re1 Qg4 26. Rbc1 Qh3 27. f3
h5 28. Re3 a5 29. Ba3 Qf5 30. h4 Qh3 31. Qe1 Rab8 32. Qf2 a4 33. Qg2 Qf5 34.
Qc2 Qf6 35. Qxa4 Qg6 36. Kh2 Rb1 37. Qd1 Qh6 38. Rec3 Rxc1 39. Qxc1 Qxc1 40.
Rxc1 Bxf3 41. Rc7 f6 42. Kg1 e5 43. Kf2 Bg4 44. Ke3 Rb8 45. Rc3 Kf7 46. Kd3 Rb1
47. Kd2 Bd7 48. Rc1 Rb5 49. Rc3 Ke6 50. Re3 Kf5 51. Rc3 Rb1 52. Ke2 g6 53. Kf2
Rd1 54. Ke2 Rd5 55. Kf2 Ke6 56. Ke2 e4 57. Ke3 Re5 58. Rc4 Kf5 59. Rc7 Rd5 60.
Rc5 Rxc5 61. Bxc5 Kg4 62. Bd4 f5 63. Be5 g5 64. hxg5 Kxg5 65. Bf4+ Kg4 1/2-1/2

[Event "Chip 2004 Open Fide"]
[Site "?"]
[Date "????.??.??"]
[Round "?"]
[White "Ionescu, D."]
[Black "Drasko, M."]
[Result "0-1"]
[WhiteElo "2395"]
[BlackElo "2464"]
[PlyCount "110"]
[SourceDate "2004.07.04"]

1. e4 e6 2. d4 d5 3. exd5 exd5 4. Nf3 Bf5 5. c4 Bb4+ 6. Nc3 Ne7 7. Qb3 Nbc6 8.
Bd2 O-O 9. O-O-O dxc4 10. Bxc4 Qd6 11. Nb5 Bxd2+ 12. Rxd2 Qf6 13. Bd3 Rfd8 14.
Bxf5 Qxf5 15. Qd3 Qxd3 16. Rxd3 Nd5 17. Rd2 f6 18. h4 h5 19. Re1 Kf7 20. g3 Rd7
21. a3 Rad8 22. Kc2 Nce7 23. Nc3 Nf5 24. Nxd5 Rxd5 25. Red1 a5 26. b3 R8d7 27.
Kb2 c6 28. Kc2 Nd6 29. Kb2 a4 30. Re2 axb3 31. Kxb3 c5 32. a4 c4+ 33. Kc3 Rc7
34. Nd2 b5 35. Ne4 Nxe4+ 36. Rxe4 bxa4 37. Ra1 Rf5 38. Re3 Rxf2 39. Rxa4 Rf1
40. Ra5 Rc1+ 41. Kd2 Rb1 42. Rxh5 Rd7 43. Rc5 Rxd4+ 44. Kc3 Rg4 45. h5 Rb3+ 46.
Kd2 Rxe3 47. Kxe3 Rxg3+ 48. Kf4 Rg5 49. Rc7+ Kg8 50. h6 g6 51. Rg7+ Kh8 52. Ke3
c3 53. Kd3 Rg3+ 54. Kc2 f5 55. Rf7 Rh3 0-1

[Event "Chip 2004 Open Fide"]
[Site "?"]
[Date "????.??.??"]
[Round "6"]
[White "Hinks-Edwards, T."]
[Black "Salaun, Y."]
[Result "1-0"]
[WhiteElo "2366"]
[BlackElo "2336"]
[PlyCount "101"]
[SourceDate "2004.07.04"]

1. e4 g6 2. d4 d6 3. Nc3 Nf6 4. Nf3 Bg7 5. Be3 O-O 6. Qd2 d5 7. e5 Ne4 8. Nxe4
dxe4 9. Ng5 c5 10. c3 Qd5 11. b3 cxd4 12. cxd4 b5 13. Rc1 a6 14. Be2 Ra7 15. f3
exf3 16. Bxf3 Qd8 17. O-O h6 18. Ne4 Rc7 19. Rxc7 Qxc7 20. Bxh6 Rd8 21. Bxg7
Kxg7 22. Rc1 Qb6 23. Nc5 Nc6 24. Bxc6 Qxc6 25. Qe3 Qd5 26. Rd1 a5 27. Rd2 Bf5
28. Qf4 Bd7 29. Qg5 Re8 30. h4 Bf5 31. h5 Bb1 32. Kf2 Kh7 33. hxg6+ Bxg6 34.
Ke3 Kg7 35. Qh4 a4 36. g3 Rh8 37. Qxe7 Rh3 38. Qf6+ Kg8 39. Qf3 Qd8 40. Qg4 Rh1
41. e6 Kh7 42. Rf2 fxe6 43. Nxe6 Qe7 44. d5 Qa7+ 45. Qd4 Qe7 46. Kd2 axb3 47.
axb3 Bh5 48. g4 Be8 49. Qe4+ Kg8 50. Rf8+ Qxf8 51. Nxf8 1-0

[Event "Chip 2004 Open Fide"]
[Site "?"]
[Date "????.??.??"]
[Round "6"]
[White "Lamorelle, Y."]
[Black "Toulzac, P."]
[Result "0-1"]
[WhiteElo "2255"]
[BlackElo "2297"]
[PlyCount "60"]
[SourceDate "2004.07.04"]

1. e4 c5 2. Nf3 e6 3. c3 d5 4. e5 d4 5. Bd3 Nc6 6. O-O Nge7 7. Be4 Bd7 8. Re1
Ng6 9. d3 Be7 10. Na3 Rc8 11. g3 dxc3 12. bxc3 Ngxe5 13. Nxe5 Nxe5 14. Qh5 Bf6
15. Rb1 g6 16. Qh6 Bc6 17. Bf4 Bxe4 18. Bxe5 Bc6 19. Nc4 Qd5 20. Re4 Qxd3 21.
Nd6+ Kd7 22. Rbe1 Bxe4 23. Bxf6 Kxd6 24. Qf4+ Kc6 25. Rxe4 Rhd8 26. Re1 Rd5 27.
Qa4+ Kc7 28. c4 Qd2 29. Rb1 Rf5 30. f4 Qe3+ 0-1

[Event "Chip 2004 Open Fide"]
[Site "?"]
[Date "????.??.??"]
[Round "6"]
[White "Guyard, B."]
[Black "Kirszenberg, M."]
[Result "1-0"]
[WhiteElo "2232"]
[BlackElo "2222"]
[PlyCount "81"]
[SourceDate "2004.07.04"]

1. d4 d5 2. c4 c6 3. Nf3 Nf6 4. e3 g6 5. Nc3 Bg7 6. Bd3 O-O 7. O-O Bg4 8. h3
Bxf3 9. Qxf3 dxc4 10. Bxc4 Nbd7 11. Rd1 e5 12. d5 e4 13. Nxe4 Nxe4 14. Qxe4 Nb6
15. d6 Re8 16. Qd3 Nxc4 17. Qxc4 Qd7 18. e4 Re6 19. Bf4 Bxb2 20. Rab1 Bg7 21.
a4 Rae8 22. f3 Be5 23. Bxe5 Rxe5 24. Rbc1 R8e6 25. Qd3 f5 26. exf5 Rxf5 27. Qc4
Rff6 28. a5 a6 29. Rb1 Kg7 30. Rxb7 Qxb7 31. d7 Qa7+ 32. Kh1 Rd6 33. d8=Q Rxd8
34. Rxd8 Qf7 35. Qd4 c5 36. Qxc5 Qe6 37. Qd4 Kh6 38. Rd7 Qe1+ 39. Kh2 Re6 40.
Qg7+ Kh5 41. Rd5+ 1-0

[Event "Chip 2004 Open Fide"]
[Site "?"]
[Date "????.??.??"]
[Round "6"]
[White "Spoelman, W."]
[Black "Lamorelle, J."]
[Result "1-0"]
[WhiteElo "2277"]
[BlackElo "2202"]
[PlyCount "55"]
[SourceDate "2004.07.04"]

1. e4 e5 2. Nf3 Nc6 3. Bb5 a6 4. Ba4 Nf6 5. O-O Be7 6. Re1 b5 7. Bb3 O-O 8. h3
Bb7 9. d3 Re8 10. Nc3 h6 11. a3 Bc5 12. Nd5 Nd4 13. Nxd4 Bxd4 14. c3 Ba7 15.
Nxf6+ Qxf6 16. Be3 Bxe3 17. Rxe3 Qh4 18. Rf3 Rf8 19. a4 c5 20. axb5 axb5 21.
Rxa8 Bxa8 22. Ba2 c4 23. dxc4 Qxe4 24. cxb5 d5 25. Re3 Qg6 26. Bxd5 Rd8 27.
Rxe5 Qd6 28. Re8+ 1-0

[Event "Chip 2004 Open Fide"]
[Site "?"]
[Date "????.??.??"]
[Round "6"]
[White "Shchekachev, A."]
[Black "Pert, N."]
[Result "1/2-1/2"]
[WhiteElo "2570"]
[BlackElo "2493"]
[PlyCount "43"]
[SourceDate "2004.07.04"]

1. Nf3 Nf6 2. c4 e6 3. Nc3 d5 4. d4 dxc4 5. e4 Bb4 6. Bg5 c5 7. Bxc4 cxd4 8.
Nxd4 Bxc3+ 9. bxc3 Qa5 10. Bb5+ Nbd7 11. Bxf6 Qxc3+ 12. Kf1 gxf6 13. h4 a6 14.
Rh3 Qa5 15. Be2 Ne5 16. Qb3 b5 17. Rd1 Bd7 18. f4 Nc4 19. Bxc4 bxc4 20. Qb7 Rd8
21. Nc6 Bxc6 22. Qxc6+ 1/2-1/2

[Event "Chip 2004 Open Fide"]
[Site "?"]
[Date "????.??.??"]
[Round "6"]
[White "Houhou, O."]
[Black "Glicenstein, A."]
[Result "1-0"]
[WhiteElo "2259"]
[BlackElo "2332"]
[PlyCount "51"]
[SourceDate "2004.07.04"]

1. e4 c5 2. c3 Nf6 3. e5 Nd5 4. d4 cxd4 5. Nf3 Nc6 6. Bc4 Nb6 7. Bb3 d6 8. exd6
Qxd6 9. O-O e6 10. cxd4 Be7 11. Nc3 O-O 12. a3 Rd8 13. Be3 Nd5 14. Qd3 b6 15.
Nxd5 exd5 16. h3 Bf6 17. Rfe1 g6 18. Rac1 Na5 19. Ba2 Bf5 20. Qd2 Rac8 21. Bf4
Qd7 22. Ne5 Qb5 23. Bg5 Bxg5 24. Qxg5 Rf8 25. Rxc8 Bxc8 26. Nxf7 1-0

[Event "Chip 2004 Open Fide"]
[Site "?"]
[Date "????.??.??"]
[Round "6"]
[White "Bitalzadeh, A."]
[Black "Shirazi, K."]
[Result "0-1"]
[WhiteElo "2291"]
[BlackElo "2394"]
[PlyCount "78"]
[SourceDate "2004.07.04"]

1. e4 d6 2. d4 Nd7 3. Nf3 c6 4. Bc4 d5 5. exd5 Nb6 6. Bd3 cxd5 7. O-O Nf6 8. h3
g6 9. Re1 Bg7 10. Qe2 e6 11. a4 O-O 12. Nc3 Bd7 13. a5 Nc8 14. a6 bxa6 15. Rxa6
Ne7 16. Bf4 Nc6 17. Bd6 Re8 18. Rea1 Qc8 19. Na4 Ne4 20. Nb6 Qb7 21. Nxd7 Nxd6
22. Nc5 Qxb2 23. R1a2 Qc1+ 24. Qf1 Qxf1+ 25. Kxf1 Nb4 26. R2a4 Nxa6 27. Rxa6
Nc4 28. Bxc4 dxc4 29. Ne4 Reb8 30. Nd6 Rb1+ 31. Ke2 Rc1 32. Ra2 Rd8 33. Nxc4
Bxd4 34. Nxd4 Rxd4 35. Ne3 Rd7 36. Ng4 Kg7 37. Ne5 Rdd1 38. Nd3 Ra1 39. Rb2
Rdb1 0-1

[Event "Chip 2004 Open Fide"]
[Site "?"]
[Date "????.??.??"]
[Round "6"]
[White "Bergez, L."]
[Black "Renaudin, M."]
[Result "1-0"]
[WhiteElo "2376"]
[BlackElo "2205"]
[PlyCount "31"]
[SourceDate "2004.07.04"]

1. e4 e6 2. d4 d5 3. exd5 exd5 4. Nf3 Bd6 5. c4 Nf6 6. cxd5 Nxd5 7. Nc3 Nxc3 8.
bxc3 O-O 9. Bd3 Re8+ 10. Be3 Nd7 11. O-O Nf6 12. Ne5 Nd5 13. Bxh7+ Kxh7 14.
Qh5+ Kg8 15. Qxf7+ Kh7 16. Qxd5 1-0

[Event "Chip 2004 Open Fide"]
[Site "?"]
[Date "????.??.??"]
[Round "6"]
[White "Payen, A."]
[Black "Spoelman, W."]
[Result "0-1"]
[WhiteElo "2400"]
[BlackElo "2277"]
[PlyCount "150"]
[SourceDate "2004.07.04"]

1. d4 Nf6 2. c4 e6 3. Nf3 b6 4. e3 Bb7 5. Bd3 c5 6. O-O g6 7. Nc3 Bg7 8. e4
cxd4 9. Nxd4 d6 10. Nf3 O-O 11. Bf4 d5 12. cxd5 exd5 13. e5 Ne4 14. Re1 Nxc3
15. bxc3 Nd7 16. h4 Nc5 17. h5 Qc8 18. Nd4 Nxd3 19. Qxd3 Qg4 20. Qf3 Qxf3 21.
gxf3 Rfc8 22. Re3 Rc4 23. Rae1 Bc8 24. Bg5 Bd7 25. Bf6 Bh6 26. hxg6 hxg6 27.
Kg2 Rac8 28. f4 Bg7 29. Bxg7 Kxg7 30. e6 Bxe6 31. Nxe6+ fxe6 32. Rxe6 Rxf4 33.
Rd6 Rxc3 34. Re7+ Kh6 35. Rxa7 Rc2 36. Rxb6 Rfxf2+ 37. Kg3 Rxa2 38. Rd7 Rf5 39.
Rdd6 Ra3+ 40. Kg4 Ra4+ 41. Kg3 Ra3+ 42. Kg4 Rg5+ 43. Kf4 Kh5 44. Rf6 Rh3 45.
Rbd6 Rh4+ 46. Kf3 d4 47. Rfe6 Rh3+ 48. Kf2 d3 49. Re8 Rf5+ 50. Kg2 Rhf3 51.
Red8 Rf2+ 52. Kg1 Rf1+ 53. Kg2 R1f2+ 54. Kg1 Rf1+ 55. Kg2 R5f2+ 56. Kg3 Rf3+
57. Kg2 R1f2+ 58. Kg1 Rd2 59. Rh8+ Kg5 60. Rhd8 Rg3+ 61. Kf1 Rf3+ 62. Kg1 Re3
63. Kf1 Rd1+ 64. Kf2 Re2+ 65. Kf3 Rf1+ 66. Kg3 Rg1+ 67. Kf3 Rf1+ 68. Kg3 Re3+
69. Kg2 Rff3 70. Rd4 Rg3+ 71. Kf2 Ref3+ 72. Ke1 Rg1+ 73. Kd2 Rg2+ 74. Kc3 d2+
75. Kc4 Rf4 0-1

[Event "Chip 2004 Open Fide"]
[Site "?"]
[Date "????.??.??"]
[Round "7"]
[White "Simon, O."]
[Black "Houhou, O."]
[Result "1/2-1/2"]
[WhiteElo "2309"]
[BlackElo "2259"]
[PlyCount "131"]
[SourceDate "2004.07.04"]

1. e4 c5 2. Nf3 e6 3. b3 d6 4. Bb2 Nf6 5. e5 dxe5 6. Nxe5 Be7 7. f4 Qc7 8. Bd3
Nc6 9. O-O Bd7 10. Na3 Nb4 11. Be2 O-O 12. Rf3 Rad8 13. Rg3 Bc6 14. d3 b6 15.
Qf1 Bd7 16. Kh1 Nc6 17. Nxc6 Bxc6 18. Nc4 Ne8 19. Bf3 Bf6 20. Bxf6 Nxf6 21. Ne5
Bxf3 22. Qxf3 Qd6 23. Rf1 Qd5 24. Qe2 Rfe8 25. Rh3 Re7 26. Qf2 Kf8 27. Qh4 Ree8
28. Qg5 Re7 29. a4 a6 30. Qh4 h6 31. Rff3 Qd4 32. g4 Rc7 33. g5 Ng8 34. Ng4
hxg5 35. fxg5 Rd5 36. Qg3 Rcd7 37. Ne3 Re5 38. Kg2 b5 39. Rh4 Qc3 40. Rf2 Rd8
41. Qf4 Rd7 42. Ng4 Red5 43. Qb8+ Rd8 44. Qc7 R5d7 45. Qc6 bxa4 46. bxa4 a5 47.
g6 Qd4 48. gxf7 Nh6 49. Qf3 Nf5 50. Rh8+ Kxf7 51. Rh3 Kg8 52. Re2 Rf8 53. Qe4
Qxe4+ 54. Rxe4 Rd4 55. Nf2 Kf7 56. c3 Rd6 57. Ng4 Rb8 58. Ne5+ Kf6 59. Nc4 Ra6
60. Re5 Rb3 61. Rxc5 Rxc3 62. Nd2 Rxc5 63. Ne4+ Ke5 64. Nxc5 Rc6 65. Nb3 Rc2+
66. Kf3 1/2-1/2

[Event "Chip 2004 Open Fide"]
[Site "?"]
[Date "????.??.??"]
[Round "7"]
[White "Kazhgaleyev, M."]
[Black "Mahesh Chandran, P."]
[Result "1-0"]
[WhiteElo "2598"]
[BlackElo "2441"]
[PlyCount "131"]
[SourceDate "2004.07.04"]

1. d4 Nf6 2. c4 e6 3. Nf3 b6 4. a3 Ba6 5. Qc2 Bb7 6. Nc3 c5 7. e4 cxd4 8. Nxd4
Nc6 9. Nxc6 Bxc6 10. Bd3 Bc5 11. Qe2 d6 12. O-O Nd7 13. Be3 g5 14. b4 Bxe3 15.
Qxe3 Qf6 16. Nd5 Bxd5 17. exd5 Ne5 18. dxe6 fxe6 19. f4 Nxd3 20. fxg5 Qe5 21.
Qxd3 O-O-O 22. Rae1 Qxg5 23. Qe4 Kb8 24. Qxe6 Rhg8 25. Re2 Rg7 26. h3 Qg3 27.
Rf7 h5 28. Rxg7 Qxg7 29. Kh2 h4 30. Qg4 Qh7 31. Re4 Qc7 32. Qf4 a6 33. Rd4 Kb7
34. Qxh4 b5 35. Qf4 bxc4 36. Rxc4 Qe7 37. Qe4+ Qxe4 38. Rxe4 d5 39. Rd4 Kc6 40.
Kg3 Kd6 41. Kf4 Rf8+ 42. Ke3 Rc8 43. Rg4 Rc2 44. a4 Ke5 45. Rg5+ Ke6 46. Kd3
Rb2 47. Kc3 Re2 48. b5 axb5 49. axb5 Kd6 50. b6 Kc6 51. Rg6+ Kc5 52. b7 d4+ 53.
Kd3 Re3+ 54. Kc2 Re2+ 55. Kc1 Re1+ 56. Kd2 Rb1 57. Rg7 Kd5 58. h4 Ke4 59. Re7+
Kf5 60. h5 Kg5 61. g4 Rb3 62. Kc2 Rb6 63. Kd3 Rb4 64. Rd7 Kh6 65. Rxd4 Rxb7 66.
Rd6+ 1-0

[Event "Chip 2004 Open Fide"]
[Site "?"]
[Date "????.??.??"]
[Round "7"]
[White "Martsynovskaya, M."]
[Black "Bardy"]
[Result "1/2-1/2"]
[WhiteElo "2235"]
[BlackElo "1977"]
[PlyCount "132"]
[SourceDate "2004.07.04"]

1. e4 e6 2. Qe2 c5 3. Nc3 Nc6 4. Nf3 Be7 5. d3 d6 6. Be3 e5 7. Nd5 Be6 8. c3
Nf6 9. Nxe7 Qxe7 10. Qc2 O-O 11. Be2 Rfe8 12. Ng5 h6 13. Nxe6 fxe6 14. O-O Rad8
15. f4 d5 16. fxe5 Nxe5 17. h3 Rd7 18. Rf2 dxe4 19. dxe4 c4 20. Raf1 Nd3 21.
Bxd3 cxd3 22. Qa4 Red8 23. e5 Nd5 24. Bd4 Qg5 25. Qc4 Ne3 26. Qxe6+ Kh7 27.
Bxe3 Qxe3 28. Qf5+ Kg8 29. Qf4 Qxf4 30. Rxf4 Re8 31. Re4 Rd5 32. Rfe1 d2 33.
Rd1 Rexe5 34. Rxe5 Rxe5 35. Rxd2 Re7 36. c4 Kf7 37. Kf2 Rc7 38. Rd4 Ke6 39. b4
b6 40. Ke3 a5 41. a3 axb4 42. axb4 Ra7 43. Re4+ Kd6 44. Kd4 Ra4 45. Rg4 Rxb4
46. Rxg7 b5 47. Rg6+ Ke7 48. Rxh6 Rxc4+ 49. Kd5 Rc2 50. g4 b4 51. g5 b3 52.
Rh7+ Kf8 53. Rb7 Rg2 54. h4 Rh2 55. Rb4 b2 56. Ke6 Rxh4 57. Rxb2 Re4+ 58. Kf6
Re8 59. Rb6 Ra8 60. Kg6 Kg8 61. Kh6 Rc8 62. Kg6 Ra8 63. Kh6 Rc8 64. g6 Ra8 65.
g7 Rc8 66. Kg6 Rc6+ 1/2-1/2

[Event "Chip 2004 Open Fide"]
[Site "?"]
[Date "????.??.??"]
[Round "7"]
[White "Salaun, Y."]
[Black "Pile, R."]
[Result "1/2-1/2"]
[WhiteElo "2336"]
[BlackElo "2268"]
[PlyCount "145"]
[SourceDate "2004.07.04"]

1. d4 Nf6 2. c4 e6 3. Nc3 Bb4 4. e3 c5 5. Bd3 Nc6 6. Nge2 d5 7. cxd5 exd5 8.
O-O O-O 9. a3 cxd4 10. axb4 dxc3 11. bxc3 Ne5 12. Bc2 Re8 13. Ng3 Bg4 14. f3
Bd7 15. Qd4 Qc7 16. Rd1 Rac8 17. Bf5 a6 18. Bxd7 Qxd7 19. Ra2 Rc4 20. Qd2 Qc8
21. Ne2 h5 22. Qe1 Ng6 23. Rd3 Qe6 24. Qd1 Qe5 25. Ra5 Qc7 26. Rd4 Rc8 27. Bd2
Qb6 28. Be1 Qe6 29. Bf2 Ne7 30. Rd3 Ng6 31. Rd4 Qe7 32. h3 R8c7 33. Ra2 Rxd4
34. exd4 Rc6 35. Qd3 Re6 36. Bg3 Qe8 37. Kf2 Nd7 38. Qf5 h4 39. Bf4 Nb6 40. Bc7
Qd7 41. Be5 Rxe5 42. Qxd7 Rxe2+ 43. Kxe2 Nxd7 44. b5 Nf4+ 45. Kf1 g5 46. bxa6
bxa6 47. Rxa6 Kg7 48. Rd6 Nf6 49. Rc6 N6h5 50. c4 Ng3+ 51. Kf2 dxc4 52. Rxc4
Nf5 53. Ra4 Ne6 54. d5 Nf4 55. Ra5 Kf6 56. Rb5 Nd6 57. Ra5 Nh5 58. Ra1 Ke5 59.
Ra6 f6 60. Ra5 f5 61. Kg1 f4 62. Ra8 Nf6 63. Rf8 Nxd5 64. Rg8 Nf7 65. Re8+ Kf6
66. Ra8 Nc7 67. Ra5 Ne6 68. Rb5 Nh6 69. Ra5 Nf5 70. Ra6 Nfd4 71. Ra5 Nb3 72.
Rd5 Nbc5 73. Kf2 1/2-1/2

[Event "Chip 2004 Open Fide"]
[Site "?"]
[Date "????.??.??"]
[Round "7"]
[White "Toulzac, P."]
[Black "Solozhenkin, E."]
[Result "0-1"]
[WhiteElo "2297"]
[BlackElo "2480"]
[PlyCount "112"]
[SourceDate "2004.07.04"]

1. d4 Nf6 2. c4 e6 3. Nf3 b6 4. a3 Ba6 5. Qc2 Bb7 6. Nc3 c5 7. e4 cxd4 8. Nxd4
d6 9. Be2 Be7 10. Be3 a6 11. O-O Nbd7 12. f3 Qc7 13. Rac1 O-O 14. Rfd1 Rac8 15.
Kh1 Qb8 16. Qb3 Rfe8 17. Bg1 Bd8 18. Bf1 Bc7 19. Nc2 h5 20. Ne3 h4 21. Qa2 Ne5
22. h3 Nh5 23. Bf2 Bd8 24. a4 Bg5 25. Rc2 Ng3+ 26. Kg1 Nxf1 27. Kxf1 Bxe3 28.
Bxe3 Nxc4 29. Bf2 a5 30. b3 Ba6 31. Nb5 Ne5 32. Rcd2 Nc6 33. Rxd6 Nb4 34. Qd2
Nd5 35. e5 Rcd8 36. Kg1 Bxb5 37. Rxd8 Rxd8 38. axb5 Rc8 39. Qg5 Qc7 40. Bd4 Qc2
41. Re1 Qxb3 42. Re4 Qxb5 43. Rg4 Qb1+ 44. Kh2 Qh7 45. f4 a4 46. Bb2 Qg6 47.
Qxh4 Qf5 48. Qg3 g6 49. Qa3 b5 50. Bc1 Kg7 51. Bd2 Rc2 52. Bb4 Nxb4 53. Qxb4
Rc4 54. Qxb5 Rxf4 55. Rg3 Re4 56. Ra3 Qf4+ 0-1

[Event "Chip 2004 Open Fide"]
[Site "?"]
[Date "????.??.??"]
[Round "7"]
[White "David, A."]
[Black "Hinks-Edwards, T."]
[Result "1/2-1/2"]
[WhiteElo "2574"]
[BlackElo "2366"]
[PlyCount "101"]
[SourceDate "2004.07.04"]

1. d4 Nf6 2. c4 e6 3. Nf3 b6 4. g3 Ba6 5. b3 Bb4+ 6. Bd2 Be7 7. Bg2 c6 8. Bc3
d5 9. Nbd2 Nbd7 10. O-O O-O 11. Re1 c5 12. e4 Nxe4 13. Nxe4 dxe4 14. Rxe4 Bb7
15. Re3 cxd4 16. Nxd4 Bxg2 17. Kxg2 Bf6 18. Qf3 a6 19. Rd1 Qc7 20. Nc6 Rac8 21.
Bxf6 Nxf6 22. Nb4 a5 23. Nd3 Rfd8 24. Ne5 h6 25. Rxd8+ Rxd8 26. Re2 Rd1 27.
Qa8+ Rd8 28. Qf3 Rd1 29. h3 Rd8 30. Qc6 Qxc6+ 31. Nxc6 Rd6 32. Ne5 Kf8 33. Kf3
Ke7 34. Rc2 Nd7 35. Nxd7 Kxd7 36. c5 Rc6 37. Rd2+ Kc7 38. cxb6+ Rxb6 39. Rd4
Kc6 40. Ke3 Rb5 41. Rf4 f5 42. Rd4 g5 43. Kd3 Rb8 44. Kc3 e5 45. Rc4+ Kd6 46.
Kd3 Kd5 47. Ke3 Rb4 48. Rc8 a4 49. Rd8+ Ke6 50. Rh8 axb3 51. Rxh6+ 1/2-1/2

[Event "Chip 2004 Open Fide"]
[Site "?"]
[Date "????.??.??"]
[Round "7"]
[White "Shirazi, K."]
[Black "Shchekachev, A."]
[Result "0-1"]
[WhiteElo "2394"]
[BlackElo "2570"]
[PlyCount "90"]
[SourceDate "2004.07.04"]

1. e4 c5 2. Nf3 d6 3. Bb5+ Nd7 4. d4 Ngf6 5. Nc3 cxd4 6. Qxd4 e5 7. Qd3 h6 8.
O-O Be7 9. Nh4 a6 10. Bxd7+ Bxd7 11. f4 exf4 12. Nf5 Bxf5 13. exf5 d5 14. Bxf4
O-O 15. Be5 Ng4 16. Bd4 Bc5 17. Bxc5 Qc7 18. Rfd1 Rfe8 19. Qd4 Qxh2+ 20. Kf1
Ne3+ 21. Qxe3 Rxe3 22. Bxe3 Re8 23. Bg1 Qf4+ 24. Bf2 Re5 25. Rd4 Qxf5 26. Rc1
Kh7 27. Kg1 Qg6 28. Nxd5 Rg5 29. Ne3 Qb6 30. Rdd1 Qxb2 31. Rb1 Qxa2 32. Rxb7 f5
33. Bh4 Rg6 34. Rc7 Qe6 35. Nd5 Qe2 36. Nf6+ Rxf6 37. Re1 Qb5 38. Bxf6 Qb6+ 39.
Kh1 Qxc7 40. Re7 Qg3 41. c4 Kg8 42. c5 gxf6 43. c6 Qh4+ 44. Kg1 Qd4+ 45. Kh1
Qd1+ 0-1

[Event "Chip 2004 Open Fide"]
[Site "?"]
[Date "????.??.??"]
[Round "7"]
[White "Bergez, L."]
[Black "Romanishin, O."]
[Result "0-1"]
[WhiteElo "2376"]
[BlackElo "2541"]
[PlyCount "86"]
[SourceDate "2004.07.04"]

1. e4 e5 2. Nf3 Nc6 3. d4 exd4 4. Nxd4 Bc5 5. Nxc6 Qf6 6. Qd2 dxc6 7. Nc3 Ne7
8. Qf4 Qe6 9. Qxc7 Bb4 10. Bd2 Bxc3 11. Bxc3 Qxe4+ 12. Be2 Nd5 13. Qe5+ Qxe5
14. Bxe5 O-O 15. c4 Re8 16. Bd6 Nb6 17. b3 Bf5 18. Rd1 a5 19. Bc5 Nd7 20. Be3
a4 21. b4 Ne5 22. Kd2 Ng4 23. Bb6 Nf6 24. Bd3 Bxd3 25. Kxd3 Nd7 26. Be3 Ne5+
27. Kc3 b5 28. c5 Nc4 29. Rhe1 h6 30. Bf4 g5 31. Bc7 Kg7 32. f4 Rxe1 33. Rxe1
Rc8 34. Be5+ Kg6 35. Bd4 gxf4 36. Re7 h5 37. Kd3 a3 38. Ke4 Rd8 39. Rc7 Re8+
40. Kxf4 Re6 41. Rc8 f6 42. Rg8+ Kf7 43. Kf5 Ne3+ 0-1

[Event "Chip 2004 Open Fide"]
[Site "?"]
[Date "????.??.??"]
[Round "7"]
[White "Douriet, A."]
[Black "Agababean, N."]
[Result "1-0"]
[WhiteElo "2277"]
[BlackElo "2189"]
[PlyCount "81"]
[SourceDate "2004.07.04"]

1. e4 d6 2. d4 Nf6 3. Nc3 c6 4. a4 b6 5. Bg5 Nbd7 6. Nf3 Qc7 7. Be2 e5 8. O-O
Be7 9. d5 c5 10. a5 bxa5 11. Nd2 Nb6 12. Bxf6 Bxf6 13. Rxa5 Nxd5 14. Nb5 Qxa5
15. Nc4 Qd8 16. Qxd5 Be6 17. Nbxd6+ Kf8 18. Qxc5 Kg8 19. Ra1 g6 20. Ra6 Kg7 21.
Nxe5 Qe7 22. Nc6 Qc7 23. b4 h5 24. f4 Bc8 25. e5 Bh4 26. Rxa7 Rxa7 27. Nxa7
Qxc5+ 28. bxc5 Be6 29. Bf3 Rb8 30. Bb7 Be1 31. c6 Ba5 32. Nab5 Bd5 33. c4 Bb6+
34. Kf1 Be6 35. Ke2 Kf8 36. Kd3 Bf5+ 37. Kc3 Ke7 38. c7 Bxc7 39. Nxc7 Be6 40.
c5 f6 41. c6 1-0

[Event "Chip 2004 Open Fide"]
[Site "?"]
[Date "????.??.??"]
[Round "7"]
[White "Sandipan, C."]
[Black "Golubev, M."]
[Result "1-0"]
[WhiteElo "2555"]
[BlackElo "2531"]
[PlyCount "75"]
[SourceDate "2004.07.04"]

1. d4 Nf6 2. c4 g6 3. Nc3 Bg7 4. e4 d6 5. Nf3 O-O 6. Be2 e5 7. Be3 h6 8. O-O
Ng4 9. Bc1 Na6 10. Rb1 c6 11. d5 f5 12. Nd2 c5 13. exf5 gxf5 14. Bxg4 fxg4 15.
Nde4 Bf5 16. Be3 Qd7 17. Qd2 Kh7 18. Rbe1 Nc7 19. f3 gxf3 20. Rxf3 b5 21. Rxf5
Rxf5 22. Qc2 Kh8 23. Nxd6 Rff8 24. Ndxb5 Nxb5 25. Nxb5 Rac8 26. Qe4 Rf6 27. Nc3
Re8 28. Qh4 e4 29. Nxe4 Rg6 30. Nxc5 Qf5 31. Ne6 Qc2 32. Bf2 Bxb2 33. Qe4 Qxe4
34. Rxe4 Rf6 35. c5 Rb8 36. c6 Bc3 37. c7 Rb1+ 38. Re1 1-0

[Event "Chip 2004 Open Fide"]
[Site "?"]
[Date "????.??.??"]
[Round "7"]
[White "Chomet, P."]
[Black "Ferry, R."]
[Result "1-0"]
[WhiteElo "2370"]
[BlackElo "2185"]
[PlyCount "107"]
[SourceDate "2004.07.04"]

1. g3 d5 2. Bg2 c6 3. d3 Nf6 4. Nd2 Bf5 5. e4 dxe4 6. dxe4 Bg4 7. f3 Bh5 8. g4
Bg6 9. f4 h6 10. Qf3 e6 11. Ne2 Be7 12. Ng3 Nfd7 13. Nc4 f6 14. Be3 e5 15.
O-O-O Qc7 16. Nf5 Bxf5 17. gxf5 b5 18. Qh5+ Kf8 19. Bf1 exf4 20. Bd4 Ne5 21.
Nxe5 fxe5 22. f6 exd4 23. fxe7+ Kxe7 24. Rg1 Rg8 25. Bh3 Nd7 26. e5 g6 27. Qxh6
Nxe5 28. Rge1 Raf8 29. Qg5+ Rf6 30. Rxe5+ Kf7 31. Rxd4 Rd8 32. Rxf4 Rdd6 33.
Rxf6+ Rxf6 34. Re1 Qxh2 35. Qe3 Kg7 36. Qxa7+ Kh6 37. Qe3+ Kg7 38. a3 Rf2 39.
Qd4+ Kh6 40. Qh8+ Kg5 41. Qd8+ Kh6 42. Qd3 c5 43. Kb1 c4 44. Qe3+ Kg7 45. Qd4+
Kh6 46. Qh8+ Kg5 47. Re5+ Rf5 48. Re1 Rf2 49. Qe5+ Qxe5 50. Rxe5+ Kh4 51. Bd7
g5 52. Rxb5 Rf7 53. Be6 Rc7 54. Rb4 1-0